000 00815cam a2200205 i 4500
020 _a9154602432
040 _cDLC
082 0 0 _a589 SWE 1978 C147 Or.
245 0 0 _aEnvironmental role of nitrogen-fixing blue-green algae and asymbiotic bacteria /
260 _a[Stockholm] :
_bSwedish Natural Science Research Council,
_cc1978.
300 _a391 p. :
_bill. ;
_c25 cm.
500 _a"Proceedings of an international symposium, sponsored by the Swedish Ministry of Education and the Swedish Natural Science Research Council, Uppsala, Sweden, 20-24 September 1976."
650 0 _aNitrogen-fixing microorganisms
650 0 _aNitrogen-fixing algae
650 0 _aCyanobacteria
700 1 _aGranhall, Ulf,
710 1 _aSweden.
710 2 _aStatens naturvetenskapliga forskningsråd (Sweden)
942 _cAEDBB
999 _c18549
_d18549